Towards Improving the Quality of the Strategy Process

Analýza dôsledkov suboptimálnych strategických procesov.

Salvato in:
Dettagli Bibliografici
Autore principale: Dorčák, Peter, 1979-
Altri autori: Paetsch, Michael, Pollák, František, 1985-
Natura: Capitolo di libro
Lingua:inglese
Soggetti:
Tags: Aggiungi Tag
Nessun Tag, puoi essere il primo ad aggiungerne!!

MARC

LEADER 00000nla a2200000 4500
001 0227756
005 20240502083612.9
041 0 |a eng 
044 |a OM 
245 1 0 |a Towards Improving the Quality of the Strategy Process  |c Peter Dorčák, Michael Paetsch, František Pollák 
520 |a Analýza dôsledkov suboptimálnych strategických procesov. 
610 2 0 |a plánovanie strategické 
610 2 0 |a trh akciový 
610 2 0 |a modely ekonometrické 
610 2 0 |a manažment strategický 
100 1 |a Dorčák, Peter, 1979- 
700 1 |a Paetsch, Michael 
700 1 |a Pollák, František, 1985-